[Event "San Jose 1000 GM Spring Break 2 Gp2"]
[Site "San Jose"]
[Date "2024.04.03"]
[Round "4.3"]
[White "Stevens, Adam B"]
[Black "Varela Velazquez, Carlos Francisco"]
[Result "0-1"]
[WhiteElo "1941"]
[BlackElo "2084"]
[PlyCount "46"]
[EventDate "2024.04.02"]
[EventType "schev"]
[EventRounds "5"]
[EventCountry "USA"]
[SourceTitle "CB16_2024"]
[SourceDate "2024.04.17"]
[SourceVersion "1"]
[SourceVersionDate "2024.04.17"]
[SourceQuality "1"]
[WhiteTeam "Challengers"]
[BlackTeam "Masters"]
[WhiteTeamCountry "USA"]
[BlackTeamCountry "USA"]

1. d4 Nf6 2. c4 e6 3. Nf3 b6 4. g3 Ba6 5. b3 Bb4+ 6. Bd2 Be7 7. Nc3 d5 8. cxd5 exd5 9. Bg2 0-0 10. 0-0 Bb7 11. Bf4 a6 12. Ne5 Nbd7 13. Rc1 Re8 14. Nxd7 Qxd7 15. Bxc7 Qxc7 16. Nxd5 Qb8 17. Nc7 Bxg2 18. Kxg2 Rd8 19. Nxa8 Qxa8+ 20. Kg1 h5 21. h4 Ng4 22. Qd3 Bf6 23. e3 Ne5 0-1

[Event "San Jose 1000 GM Spring Break 1B"]
[Site "San Jose"]
[Date "2024.03.30"]
[Round "3.5"]
[White "Rajaram, Anika"]
[Black "Varela Velazquez, Carlos Francisco"]
[Result "0-1"]
[WhiteElo "1850"]
[BlackElo "2113"]
[PlyCount "58"]
[EventDate "2024.03.29"]
[EventType "schev"]
[EventRounds "5"]
[EventCountry "USA"]
[SourceTitle "CB16_2024"]
[SourceDate "2024.04.17"]
[SourceVersion "1"]
[SourceVersionDate "2024.04.17"]
[SourceQuality "1"]

1. d4 d5 2. c4 e6 3. Nf3 Nf6 4. g3 dxc4 5. Qa4+ Nbd7 6. Bg2 a6 7. Qxc4 b5 8. Qc6 Ra7 9. Bf4 Bb7 10. Qc1 c5 11. dxc5 Bxc5 12. 0-0 0-0 13. Ne5 Bxg2 14. Kxg2 Qa8+ 15. Kg1 Rc8 16. Qd1 Nxe5 17. Bxe5 Rd7 18. Qe1 Ng4 19. Bf4 Rd5 20. h3 Rh5 21. h4 h6 22. e4 e5 23. Bd2 g5 24. Qe2 Nf6 25. Nc3 Rd8 26. Nd5 Rxd5 27. exd5 gxh4 28. g4 Qxd5 29. gxh5 h3 0-1